| 000 | 00605nam a2200181Ia 4500 | ||
|---|---|---|---|
| 003 | GCL | ||
| 005 | 20240530104206.0 | ||
| 008 | 140319s9999 xx 000 0 ara d | ||
| 040 |
_aGCL / _cGCL |
||
| 082 | 0 | 4 |
_a940.2 _bع ت |
| 100 | 1 | _aعبدالعزيز سليمان نوار | |
| 245 | 1 | 0 |
_aالتاريخ المعاصر: اوروبا من الثورة الفرنسية الى الحرب العالمية الثانية / _cعبدالعزيز سليمان نوار |
| 300 | _a627 ص | ||
| 490 |
_a100 قصة _v0 |
||
| 650 | 0 | 4 | _aالعصر الحديث |
| 650 | 0 | 4 | _aالتاريخ |
| 942 |
_2ddc _cBK |
||
| 999 |
_c45370 _d45370 |
||